[Event "Katowice op"]
[Site "Katowice"]
[Date "1992.??.??"]
[Round "6"]
[White "Ibragimov, Ildar"]
[Black "Dobosz, Henryk"]
[Result "1/2-1/2"]
[WhiteElo "2515"]
[BlackElo "2415"]

1.b3 e5 2.Bb2 d6 3.g3 g6 4.d4 Bg7 5.dxe5 Bxe5 6.Bxe5 dxe5 7.Qxd8+ Kxd8 8.Nc3 Nf6
9.Nf3 Nbd7 10.Bh3 Re8 11.O-O-O Re7 12.g4 h6 13.g5 hxg5 14.Nxg5 Ke8 15.Rhg1 Nb6
16.Bg2 Rb8 17.a4 a5 18.h4 Bg4 19.Nge4 Nxe4 20.Bxe4 Bh5 21.Bh1 Kf8 22.Rd3 Kg7
23.Rgd1 c6 24.Bg2 Bg4 25.Rg3 Bh5 26.Bh3 Rf8 27.f3 f5 28.Rd3 Nd7 29.Rd6 Rf6
30.Rd2 Nc5 31.Rg1 e4 32.f4 e3 33.Rd4 Kf7 34.Rc4 Nd7 35.Rd4  1/2-1/2

[Event "Katowice op"]
[Site "Katowice"]
[Date "1992.??.??"]
[Round "7"]
[White "Moroz, Alexander"]
[Black "Ibragimov, Ildar"]
[Result "1-0"]
[WhiteElo "2410"]
[BlackElo "2515"]

1.e4 e5 2.Nf3 Nc6 3.Bb5 a6 4.Bxc6 dxc6 5.Nc3 f6 6.d4 exd4 7.Nxd4 c5 8.Nde2 Qxd1+
9.Nxd1 Be6 10.Bf4 O-O-O 11.Ne3 c4 12.Rd1 Rxd1+ 13.Kxd1 Bc5 14.h4 h5 15.Nc3 Ne7
16.Ke2 b5 17.Rd1 Kb7 18.Bg3 Re8 19.f3 c6 20.Bf2 Bb6 21.Nf1 Bc7 22.Bc5 Ng6
23.g3 Ne5 24.Kf2 Ba5 25.Ne2 Bc8 26.Ne3 g6 27.Ng2 Bc7 28.Ngf4 a5 29.a3 Rg8
30.Kg2 Nd7 31.Bd6 Bxd6 32.Rxd6 Kc7 33.Re6 Rg7 34.Nd4 Bb7 35.Rxf6 Nxf6 36.Nde6+ Kd6
37.Nxg7 c5 38.Kf2 b4 39.c3 Bxe4 40.fxe4 Nxe4+ 41.Ke3 bxa3 42.bxa3 Nxc3 43.Nxg6 Nb5
44.a4 Nc3 45.Nxh5 Nxa4 46.Nhf4 Nb6 47.h5 Nd7 48.h6 Nf6 49.Kd2 a4 50.Nf8 a3
51.Kc2  1-0

[Event "Katowice op"]
[Site "Katowice"]
[Date "1992.??.??"]
[Round "9"]
[White "Stripunsky, Alexander"]
[Black "Ibragimov, Ildar"]
[Result "0-1"]
[WhiteElo "2395"]
[BlackElo "2515"]

1.e4 e5 2.Nf3 Nc6 3.Bb5 a6 4.Ba4 Nf6 5.O-O Be7 6.Re1 b5 7.Bb3 d6 8.c3 O-O
9.d4 Bg4 10.Be3 d5 11.exd5 exd4 12.cxd4 Nxd5 13.Nc3 Nxe3 14.fxe3 Na5 15.Bc2 c5
16.Qd3 g6 17.Ne5 cxd4 18.Nxg4 dxc3 19.Qe4 Bg5 20.Rad1 Qe7 21.Nh6+ Kg7 22.Nf5+ gxf5
23.Qxf5 Rh8 24.Rf1 Ra7 25.Rd5 h6 26.h4 Qxe3+ 27.Kh1 Bxh4 28.Rd3 Qe7 29.Qg4+ Bg5
30.Qd4+ f6 31.Rxc3 Nc4 32.b3 Rd7 33.Qg4 Ne5 34.Qe4 Rc7 35.Rxc7 Qxc7 36.Rf5 Qf7
37.b4 Qh5+ 38.Kg1 Ng4  0-1

[Event "Las Vegas op"]
[Site "Las Vegas"]
[Date "1992.??.??"]
[Round "?"]
[White "Ibragimov, Ildar"]
[Black "Kaidanov, Grigory S"]
[Result "0-1"]
[WhiteElo "2515"]
[BlackElo "2550"]

1.e4 e5 2.Nf3 Nc6 3.Bc4 Bc5 4.c3 Nf6 5.d3 a6 6.Nbd2 O-O 7.O-O d5 8.exd5 Nxd5
9.Re1 b5 10.Bb3 Nf6 11.Ne4 Nxe4 12.dxe4 Qxd1 13.Rxd1 Bg4 14.Bd5 Rad8 15.b4 Bb6
16.a4 Bxf3 17.gxf3 Ne7 18.Bg5 Nxd5 19.Bxd8 Nxc3 20.Be7 Re8 21.Rd8 Rxd8 22.Bxd8 bxa4
23.Ra3 Bd4 24.Be7 f6 25.Kf1 Kf7 26.Bc5 g5 27.Ke1 Ke6 28.Ra1 Kd7 29.Bf8 Kc6
30.Be7 Kb5 31.Ra3 Nb1 32.Ra2 a3 33.Bc5 Bb2  0-1

[Event "New York Marshall CC"]
[Site "New York"]
[Date "1992.??.??"]
[Round "1"]
[White "Sagalchik, Gennadij"]
[Black "Ibragimov, Ildar"]
[Result "1-0"]
[WhiteElo "2490"]
[BlackElo "2540"]

1.d4 Nf6 2.c4 g6 3.Nc3 Bg7 4.e4 d6 5.Bd3 O-O 6.Nge2 c5 7.d5 e6 8.O-O exd5
9.exd5 Ng4 10.Bc2 Na6 11.h3 Ne5 12.b3 Re8 13.Bd2 Nb4 14.Bb1 Bxh3 15.a3 Na6
16.gxh3 Nf3+ 17.Kg2 Qf6 18.Be4 Nh4+ 19.Kg3 Rxe4 20.Nxe4 Qf3+ 21.Kxh4 Qxe4+
22.Nf4 g5+ 23.Kxg5 Bf6+ 24.Kg4 Kh8 25.Kg3 Rg8+ 26.Kh2 Be5 27.Rg1 Bxf4+ 28.Bxf4 Qxf4+
29.Kh1 Qe4+ 30.f3 Rxg1+ 31.Kxg1 Qe3+ 32.Kh1 Nb8 33.Ra2 Nd7 34.Qf1 Qxb3 35.Rg2 Ne5
36.f4 Qxh3+ 37.Kg1 Nf3+ 38.Kf2 Nd4 39.Rg8+  1-0

[Event "New York Marshall CC"]
[Site "New York"]
[Date "1992.??.??"]
[Round "3"]
[White "Ibragimov, Ildar"]
[Black "Fedorowicz, John P"]
[Result "0-1"]
[WhiteElo "2540"]
[BlackElo "2560"]

1.d4 Nf6 2.c4 g6 3.Nc3 Bg7 4.e4 d6 5.f3 O-O 6.Be3 c5 7.Nge2 Nc6 8.d5 Ne5
9.Ng3 e6 10.Be2 exd5 11.cxd5 a6 12.O-O b5 13.a3 Re8 14.Rc1 Qa5 15.Qd2 b4
16.Nd1 Rb8 17.Nf2 Qb6 18.a4 b3 19.f4 Ned7 20.Bc4 Qd8 21.Qd3 h5 22.Bd2 h4
23.Ne2 Nb6 24.Bxb3 Nxe4 25.Nxe4 Bf5 26.N2c3 Bd4+ 27.Rf2 Bxc3 28.Bxc3 Rxe4
29.Qd2 Qe7 30.a5 Nc4 31.Bxc4 Rxc4 32.Re1 Re4 33.Rfe2 f6 34.Rxe4 Bxe4 35.Qe2 f5
36.Qxa6 Qd7 37.Qc4 Qb5 38.Rxe4 fxe4 39.Qxe4 Qe8 40.Qf3 Rb7 41.f5 gxf5 42.Qf4 Qg6
43.Qxh4 Kf7 44.Qf4 Re7 45.h3 Re4 46.Qf3 Kg8 47.Kh2 f4 48.a6 Ra4 49.a7 Qg3+
50.Qxg3+ fxg3+ 51.Kxg3 Rxa7 52.Kf4 Ra1 53.h4 Rd1 54.Kg5 Rxd5+ 55.Kg6 Rd3
56.g4 d5 57.Bf6 Rd4 58.Kf5 Rb4 59.Bc3 Rb6 60.b4 cxb4 61.Bb2 Rc6 62.h5 Rc2
63.Be5 b3 64.Kg6 b2  0-1

[Event "New York Marshall CC"]
[Site "New York"]
[Date "1992.??.??"]
[Round "9"]
[White "Ibragimov, Ildar"]
[Black "Vulicevic, Nenad"]
[Result "1-0"]
[WhiteElo "2540"]
[BlackElo "2320"]

1.d4 Nf6 2.c4 e6 3.Nf3 b6 4.Nc3 Bb7 5.a3 d5 6.cxd5 exd5 7.Bf4 Be7 8.e3 O-O
9.Be2 a6 10.O-O Nbd7 11.h3 c5 12.dxc5 bxc5 13.Qb3 Ra7 14.Rfd1 Qa8 15.Rd2 Bc6
16.Qd1 Rd8 17.Qf1 Re8 18.Rad1 Bf8 19.Nh2 h6 20.Ng4 Nxg4 21.hxg4 Nf6 22.g5 hxg5
23.Bxg5 Be7 24.Bf3 d4 25.Bxc6 Qxc6 26.exd4 Ng4 27.Bf4 cxd4 28.Rxd4 Bc5 29.Qc4 Qc8
30.Ne4 Bxd4 31.Qxd4 Qc2 32.f3 Rae7 33.Rc1 Qe2 34.Ng3 Qe6 35.fxg4 Qxg4 36.Rf1 Re1
37.Qf2 R1e6 38.Qf3 Qg6 39.Bd2 R6e7 40.Bc3 Rd7 41.Nf5 Qb6+ 42.Kh1 f6 43.Qg4 Qb5
44.Rf3 Qc6 45.Rg3 Re4 46.Qg6 Qb7 47.Bxf6 Re1+ 48.Kh2 Qa7 49.Nh6+  1-0

[Event "New York Marshall CC"]
[Site "New York"]
[Date "1992.??.??"]
[Round "10"]
[White "Edelman, Daniel"]
[Black "Ibragimov, Ildar"]
[Result "0-1"]
[WhiteElo "2400"]
[BlackElo "2540"]

1.e4 e5 2.Nf3 Nc6 3.d4 exd4 4.Bc4 Nf6 5.e5 d5 6.Bb5 Ne4 7.Nxd4 Bd7 8.Bxc6 Bxc6
9.O-O Bd7 10.f3 Ng5 11.Nc3 Ne6 12.Nb3 c6 13.Be3 g6 14.f4 Ng7 15.Qd2 Be7 16.a4 O-O
17.Qf2 b6 18.a5 Rb8 19.axb6 axb6 20.Ra7 f6 21.exf6 Bxf6 22.Bd4 Nf5 23.Bxf6 Rxf6
24.Nd4 Nxd4 25.Qxd4 Rf7 26.Rfa1 Qf8 27.g3 Qc5 28.Qxc5 bxc5 29.b3 Bf5 30.Rxf7 Kxf7
31.Ra7+ Ke6 32.Ra2 d4 33.Na4 Kd5 34.Rb2 Rb4 35.c3 dxc3 36.Nxc3+ Kd4 37.Na2 Be6
38.Rd2+ Ke3 39.Rd6 Bd5 40.Nxb4 cxb4 41.h4 Kf3 42.Kh2 Ke4 43.h5 gxh5 44.Rh6 h4
45.Rxh4 Bxb3 46.Rxh7 Bd5 47.Re7+ Kd4 48.f5 b3 49.f6 b2 50.Re1 Bf7 51.g4 c5
52.g5 c4 53.Re7 b1=Q 54.Rxf7 Qf5 55.Rg7 c3  0-1

[Event "World op"]
[Site "Philadelphia"]
[Date "1992.??.??"]
[Round "1"]
[White "Ibragimov, Ildar"]
[Black "Kapstan, Aron"]
[Result "1-0"]
[WhiteElo "2515"]
[BlackElo "2255"]

1.d4 Nf6 2.c4 e6 3.Nc3 Bb4 4.e3 Nc6 5.Nf3 O-O 6.Bd3 d5 7.O-O h6 8.a3 dxc4
9.Bxc4 Bd6 10.Bb5 e5 11.Bxc6 exd4 12.Bxb7 Bxb7 13.Nxd4 Qd7 14.f3 Rfd8 15.Qa4 Be5
16.Qxd7 Rxd7 17.Nb3 Ba6 18.Nc5 Bxh2+ 19.Kxh2 Bxf1 20.Nxd7 Nxd7 21.e4 Bc4
22.Bf4 c6 23.Rc1 Rc8 24.Nd1 Be6 25.b4 a6 26.Bd6 f6 27.Ne3 Kf7 28.Nd5 Ne5
29.Nb6 Rd8 30.Bxe5 fxe5 31.Rxc6 Rd3 32.a4 Rb3 33.Na8 Rxb4 34.Rxa6 Rb2 35.Ra7+ Kf8
36.a5 Bc4 37.Nb6 Bf1 38.Nd7+ Kg8 39.Kg1 Bxg2 40.Nxe5 g5 41.a6 g4 42.Rb7  1-0

[Event "World op"]
[Site "Philadelphia"]
[Date "1992.??.??"]
[Round "2"]
[White "Burger, Karl"]
[Black "Ibragimov, Ildar"]
[Result "0-1"]
[WhiteElo "2330"]
[BlackElo "2515"]

1.d4 d5 2.Nf3 Nf6 3.c4 dxc4 4.e3 e6 5.Bxc4 c5 6.O-O a6 7.a4 Nc6 8.Nc3 Be7
9.Qe2 cxd4 10.Rd1 O-O 11.exd4 Nd5 12.Qe4 Nf6 13.Qe2 Nd5 14.Qe4 Ncb4 15.Ne5 b6
16.Nc6 Nxc6 17.Nxd5 Bb7 18.Bd3 g6 19.Nxe7+ Qxe7 20.Qe3 Nb4 21.Bb1 Qh4 22.Qg5 Qxg5
23.Bxg5 a5 24.Bd2 Rfd8 25.Bc3 Rd7 26.f3 Rad8 27.Kf2 e5 28.Bxb4 axb4 29.a5 Ra8
30.Be4 Bxe4 31.fxe4 bxa5 32.dxe5 Rxd1 33.Rxd1 a4 34.Ke3 a3 35.bxa3 bxa3 36.Ra1 a2
37.Kf4 h6 38.h4 Kf8 39.h5 Ke7  0-1

[Event "World op"]
[Site "Philadelphia"]
[Date "1992.??.??"]
[Round "3"]
[White "Kaidanov, Grigory S"]
[Black "Ibragimov, Ildar"]
[Result "1-0"]
[WhiteElo "2550"]
[BlackElo "2515"]

1.e4 e5 2.Bc4 Nf6 3.d3 Nc6 4.Nc3 Bb4 5.Ne2 d5 6.exd5 Nxd5 7.O-O Nb6 8.Bb3 O-O
9.Ne4 Na5 10.Bg5 Be7 11.Bxe7 Qxe7 12.Qd2 Nxb3 13.axb3 Nd5 14.N4c3 Nb4 15.f4 b6
16.fxe5 Qxe5 17.d4 Qe7 18.Ng3 Be6 19.Rae1 Rad8 20.Nce4 c5 21.c3 Nc6 22.Nf6+ gxf6
23.Qh6 f5 24.Nh5  1-0

[Event "Philadelphia opI"]
[Site "Philadelphia"]
[Date "1992.??.??"]
[Round "3"]
[White "Ibragimov, Ildar"]
[Black "Delaune, Richard K"]
[Result "0-1"]
[WhiteElo "2515"]
[BlackElo "2355"]

1.e4 c5 2.g3 Nc6 3.Bg2 g6 4.d3 Bg7 5.f4 d6 6.Nf3 Nh6 7.O-O f5 8.c3 O-O 9.Na3 Kh8
10.h3 Nf7 11.Be3 Rb8 12.exf5 gxf5 13.d4 b6 14.Nc2 Bd7 15.Bf2 e6 16.Re1 Ne7
17.Qd3 Qc7 18.Rad1 c4 19.Qe2 d5 20.Ne5 Nxe5 21.fxe5 Ba4 22.Be3 b5 23.Rd2 Bxc2
24.Rxc2 Qd7 25.b4 a5 26.a3 Ra8 27.Rf1 Qe8 28.h4 a4 29.Kh2 Ng8 30.g4 fxg4
31.Rxf8 Bxf8 32.Qxg4 Nh6 33.Qd1 Nf5 34.Bf4 Nxh4 35.Bh3 Qg6 36.Rf2 Be7 37.Qg4 Rg8
38.Qxg6 Rxg6 39.Bg3 Kg7 40.Rf4 Rh6 41.Rg4+ Kf7 42.Rf4+ Ke8 43.Bf2 Nf5 44.Kg2 Bg5
45.Rg4 Ne3+ 46.Bxe3 Bxe3 47.Rg8+ Kf7 48.Rb8 Bd2 49.Rxb5 Bxc3 50.Rb7+ Ke8
51.Rb6 Ke7 52.Rb7+ Kd8 53.Rb6 Kd7 54.Rb7+ Kc6 55.Re7 Bxd4 56.Bxe6 Bxe5 57.Bf5 Bd6
58.Rf7 Rh2+ 59.Kg1 c3 60.Bd7+ Kb6 61.Bxa4 c2 62.Rf1 d4 63.Bd7 d3 64.Bf5 Rd2
65.Bg4 Bh2+ 66.Kh1 Bf4  0-1

[Event "Philadelphia opI"]
[Site "Philadelphia"]
[Date "1992.??.??"]
[Round "4"]
[White "Ardaman, Miles"]
[Black "Ibragimov, Ildar"]
[Result "0-1"]
[WhiteElo "2410"]
[BlackElo "2515"]

1.g3 d5 2.Bg2 e5 3.d3 Nf6 4.Nf3 Bd6 5.O-O O-O 6.Nbd2 c6 7.e4 Bg4 8.h3 Bh5
9.Re1 Nbd7 10.b3 Re8 11.Bb2 Qc7 12.c3 a5 13.a3 Bf8 14.Qc2 Rad8 15.b4 b5 16.Nb3 a4
17.Nbd2 c5 18.exd5 cxb4 19.axb4 Nxd5 20.Rac1 f6 21.Nb1 N7b6 22.Na3 Qd7 23.Qb1 Nc7
24.Rcd1 Bf7 25.Bf1 Bb3 26.Rc1 Bd5 27.Bg2 Kh8 28.Re3 Qf7 29.Rce1 g6 30.R3e2 Bg7
31.Bc1 Ba8 32.Be3 Nbd5 33.Bd2 Ne7 34.c4 bxc4 35.dxc4 e4 36.Nh2 f5 37.b5 Rd3
38.Qc1 Rxa3 39.Qxa3 Qxc4 40.b6 Nb5 41.Qc1 Qxc1 42.Bxc1 Nd5 43.Bb2 a3 44.Bxg7+ Kxg7
45.f3 Nxb6 46.fxe4 fxe4 47.Ng4 Bd5 48.Ne3 Bb3 49.Rd2 Nc3 50.Rd6 Re6 51.Rxe6 Bxe6
52.Nc2 a2 53.g4 Bb3 54.Na1 Bd5 55.g5 Nc4 56.Rf1 Nd2 57.Re1 Nb3 58.Nc2 Ne2+
59.Kf2 Ned4 60.Nb4 e3+ 61.Kg3 Ne2+ 62.Rxe2 a1=Q 63.Nxd5 Nd4 64.Rxe3 Nf5+
65.Kf4 Qd4+ 66.Be4 Nxe3 67.Nxe3 Qd6+ 68.Kf3 Qh2 69.Kg4 Qe5 70.Kf3 Qxg5 71.Ng4 h5
72.Nf2 Kf6 73.Bd3 Ke5 74.Bf1 Kd4 75.Bd3 Qf6+ 76.Ke2 g5 77.Bb1 Qe6+ 78.Kf3 Qe3+
79.Kg2 g4 80.hxg4 hxg4 81.Bg6 Qf3+ 82.Kg1 Ke3 83.Nh1 g3  0-1

[Event "Philadelphia opI"]
[Site "Philadelphia"]
[Date "1992.??.??"]
[Round "8"]
[White "Ibragimov, Ildar"]
[Black "Browne, Walter S"]
[Result "1-0"]
[WhiteElo "2515"]
[BlackElo "2530"]

1.d4 Nf6 2.c4 e6 3.Nc3 Bb4 4.e3 c5 5.Bd3 Nc6 6.Nf3 Bxc3+ 7.bxc3 d6 8.e4 e5
9.h3 h6 10.Be3 b6 11.O-O O-O 12.d5 Ne7 13.Kh2 Nh7 14.Nd2 f5 15.exf5 Bxf5
16.Ne4 Nf6 17.Ng3 Bxd3 18.Qxd3 g5 19.a4 Kg7 20.a5 bxa5 21.Rfb1 Rb8 22.Rxb8 Qxb8
23.Rxa5 Qb7 24.Qd1 a6 25.Ra2 Ra8 26.h4 gxh4 27.Nh5+ Nxh5 28.Qxh5 Ng8 29.f4 e4
30.f5 Qf7 31.Qg4+ Kh8 32.Bf4 Nf6 33.Qg6 Qxg6 34.fxg6 Rd8 35.Kh3 Kg7 36.Rxa6 Ne8
37.Kxh4 Kxg6 38.g4 Rd7 39.Rb6 Rd8 40.Rb7 Nf6 41.Re7 h5 42.gxh5+ Nxh5 43.Re6+ Kf5
44.Bxd6 Nf4 45.Re5+ Kf6 46.Kg4 Nd3 47.Re6+ Kf7 48.Kf5 Nb2 49.Re7+ Kg8 50.Bxc5 Nxc4
51.Kxe4 Nd2+ 52.Ke5 Nf3+ 53.Ke6 Ng5+ 54.Kf6  1-0

[Event "World op"]
[Site "Philadelphia"]
[Date "1992.??.??"]
[Round "9"]
[White "Ivanov, Alexander"]
[Black "Ibragimov, Ildar"]
[Result "1/2-1/2"]
[WhiteElo "2555"]
[BlackElo "2515"]

1.e4 e5 2.Nf3 Nc6 3.Bb5 a6 4.Ba4 Nf6 5.O-O Be7 6.Re1 b5 7.Bb3 d6 8.c3 O-O
9.d4 Bg4 10.d5 Na5 11.Bc2 c6 12.h3 Bc8 13.dxc6 Qc7 14.Nbd2 Qxc6 15.a4 Be6
16.Ng5 Bd7 17.Nf1 h6 18.Nf3 Be6 19.Ng3 Rfe8 20.Nh4 d5 21.axb5 axb5 22.Nhf5 Nc4
23.exd5 Bxd5 24.Rxa8 Qxa8 25.b3 Na3 26.Rxe5 Bf8 27.Rxe8 Qxe8 28.Bxa3 Bxa3
29.Nh5 Nxh5 30.Qxd5 Nf4 31.Qf3 Qe2 32.Qxf4 Qxc2 33.Qe5 Bf8 34.b4 Qb2 35.g3 Qa1+
36.Kh2 Qf1 37.Qe3 h5 38.h4 g6 39.Nd4 Bh6 40.Qe2 Qxe2 41.Nxe2 Bd2 42.Kg2 f5
43.Nf4 Bxc3 44.Nxg6 Bxb4 45.Kf3 Bd6 46.Nf4 b4 47.Nd3 b3 48.Ke2 f4 49.gxf4 Bxf4
50.Kd1  1/2-1/2

[Event "Philadelphia opI"]
[Site "Philadelphia"]
[Date "1992.??.??"]
[Round "9"]
[White "Dzindzichashvili, Roman"]
[Black "Ibragimov, Ildar"]
[Result "1/2-1/2"]
[WhiteElo "2560"]
[BlackElo "2515"]

1.c4 e5 2.Nc3 Nc6 3.g3 g6 4.Bg2 Bg7 5.d3 d6 6.Nf3 Nf6 7.O-O O-O 8.Rb1 a5
9.a3 Re8 10.Bg5 h6 11.Bxf6 Bxf6 12.b4 axb4 13.axb4 Bg7 14.b5 Ne7 15.Qc2 c6
16.Nd2 d5 17.bxc6 bxc6 18.Rfc1 Bg4 19.h3 Be6 20.Na4 Rb8 21.Nc5 Qd6 22.Nxe6 Qxe6
23.Rb3 Qd6 24.Rcb1 Rxb3 25.Qxb3 Ra8 26.cxd5 cxd5 27.e4 Rd8 28.exd5 Nxd5 29.Nc4 Qc5  1/2-1/2

[Event "Alushta"]
[Site "Alushta"]
[Date "1993.??.??"]
[Round "?"]
[White "Lazarev, Vladimir"]
[Black "Ibragimov, Ildar"]
[Result "0-1"]
[WhiteElo "2430"]
[BlackElo "2540"]

1.d4 g6 2.c4 Bg7 3.e4 d6 4.Nc3 Nf6 5.h3 O-O 6.Bg5 Nbd7 7.Bd3 e5 8.d5 a5 9.Qd2 Nc5
10.Bc2 Qe8 11.g4 c6 12.a4 cxd5 13.cxd5 Bd7 14.Nge2 Kh8 15.f3 Ng8 16.Kf2 f5
17.Kg2 fxe4 18.Nxe4 Nxe4 19.fxe4 Bf6 20.Be3 Bh4 21.Ng1 b5 22.axb5 Bxb5 23.g5 Qf7
24.Rh2 Bf1+ 25.Kh1 Bg3 26.Rxa5 Bxh2 27.Kxh2 Rxa5 28.Qxa5 Qb7 29.Qa3 Qa6 30.Qb4 Qc4
31.Qxc4 Bxc4 32.Kg3 Rb8 33.Bc1 Bxd5  0-1

[Event "Alushta"]
[Site "Alushta"]
[Date "1993.??.??"]
[Round "?"]
[White "Ibragimov, Ildar"]
[Black "Zlochevskij, Alexander"]
[Result "1-0"]
[WhiteElo "2540"]
[BlackElo "2455"]

1.c4 g6 2.Nc3 Bg7 3.d4 d6 4.Nf3 Nf6 5.e4 O-O 6.h3 c6 7.Bg5 a6 8.Bd3 b5 9.O-O Nbd7
10.a3 bxc4 11.Bxc4 Nb6 12.Bd3 Nfd7 13.Re1 Re8 14.Bf1 c5 15.Rc1 cxd4 16.Nxd4 Bb7
17.Nb3 Ne5 18.Na5 Bc6 19.f4 Na4 20.b4 Qb6+ 21.Kh1 Nxc3 22.Rxc3 Ng4 23.Rxc6 Nf2+
24.Kh2 Qxc6 25.Nxc6 Nxd1 26.Rxd1 Kf8 27.a4 h6 28.Bh4 Rac8 29.b5 axb5 30.axb5 Rc7
31.Bf2 Rec8 32.Nb4 Rc3 33.Nd5 Rb3 34.Rd3 Rb2 35.Bb6 Rcc2 36.Ne3  1-0

[Event "Alushta"]
[Site "Alushta"]
[Date "1993.??.??"]
[Round "?"]
[White "Ibragimov, Ildar"]
[Black "Gipslis, Aivars"]
[Result "1/2-1/2"]
[WhiteElo "2540"]
[BlackElo "2490"]

1.d4 Nf6 2.c4 e6 3.Nc3 Bb4 4.e3 O-O 5.Bd3 d5 6.Nf3 Nc6 7.a3 dxc4 8.Bxc4 Bd6
9.Nb5 Be7 10.O-O a6 11.Nc3 Bd6 12.e4 e5 13.d5 Ne7 14.Re1 Ng6 15.Bf1 h6 16.h3 Nh7
17.Be3 Bd7 18.Rc1 Qf6 19.g3 Rae8 20.Bg2 Ng5 21.Nxg5 hxg5 22.Qh5 Nf4 23.gxf4 gxf4
24.Bd2 g5 25.h4 g4 26.f3 g3 27.Na2 Kg7 28.Bb4 Rh8 29.Qg5+ Qxg5 30.hxg5 Rh2
31.Bxd6 cxd6 32.Rc2 Bh3 33.Rec1 Bxg2 34.Rxg2 Rh3 35.Kf1 Reh8 36.Ke2 Rh2 37.Rg1 Rxg2+
38.Rxg2 Rh2 39.Kf1 Rh1+ 40.Rg1 Rh2 41.Rg2  1/2-1/2

[Event "Alushta"]
[Site "Alushta"]
[Date "1993.??.??"]
[Round "?"]
[White "Dragomarezkij, Evgeni"]
[Black "Ibragimov, Ildar"]
[Result "1/2-1/2"]
[WhiteElo "2465"]
[BlackElo "2540"]

1.c4 e5 2.Nf3 d6 3.Nc3 f5 4.g3 Nf6 5.Bg2 Be7 6.O-O O-O 7.d4 e4 8.Ne1 c6 9.d5 Nbd7
10.Nc2 Ne5 11.b3 c5 12.f3 exf3 13.exf3 Ne8 14.f4 Ng6 15.Bb2 Bf6 16.Rb1 Bd7
17.a3 Nc7 18.b4 b6 19.Qd2 Re8 20.Bf3 Nf8 21.Ne2 Bxb2 22.Rxb2 Qf6 23.Rfb1 Na6
24.Nc3 Re7 25.Re1 Rxe1+ 26.Qxe1 h6 27.h4 Nh7 28.Qd2 Rc8 29.Ne3 g6 30.Ne2 Re8
31.Kf2 Qg7 32.Rb1 Nf6 33.Nc3 Re7 34.b5 Nc7 35.a4 g5 36.hxg5 hxg5 37.Qd3 Qg6
38.Rh1 Nce8 39.fxg5 Qxg5 40.Rh4 Ng7 41.Ne2 Ngh5 42.Ng2 Be8 43.Bxh5 Bxh5 44.Nef4 Ne4+
45.Kg1 Nxg3 46.Kh2 Re3 47.Rxh5 Qxh5+ 48.Nxh5 Rxd3 49.Nxg3 f4 50.Nf5 Rd2 51.Kh3 Rd3+
52.Kh2 Rd2 53.Kh3  1/2-1/2

[Event "Ano Liosia op"]
[Site "Ano Liosia"]
[Date "1993.??.??"]
[Round "6"]
[White "Petraki, Maria"]
[Black "Ibragimov, Ildar"]
[Result "0-1"]
[WhiteElo "2040"]
[BlackElo "2550"]

1.d4 d6 2.c4 e5 3.Nc3 exd4 4.Qxd4 Nf6 5.Qd2 g6 6.b3 Bg7 7.Bb2 Nc6 8.g3 O-O
9.Bg2 a6 10.e4 Re8 11.Nge2 Rb8 12.Rd1 b5 13.cxb5 axb5 14.O-O b4 15.Nd5 Nxe4
16.Bxe4 Rxe4 17.Bxg7 Kxg7 18.Qc2 Bf5 19.Qxc6 Rxe2 20.Ne3 Be6 21.Ra1 Ra8 22.Qc4 Raxa2
23.Rxa2 Rxa2 24.Qxb4 Qf6 25.Qb7 Bh3 26.Ng2 Qc3 27.Qe4 c5  0-1

[Event "Ano Liosia op"]
[Site "Ano Liosia"]
[Date "1993.??.??"]
[Round "7"]
[White "Ibragimov, Ildar"]
[Black "Mastrokoukos, Georgios"]
[Result "1/2-1/2"]
[WhiteElo "2550"]
[BlackElo "2325"]

1.b3 Nf6 2.Bb2 e6 3.e3 b6 4.f4 Bb7 5.Nf3 Be7 6.Be2 O-O 7.O-O d6 8.d3 c5 9.Qe1 Nc6
10.Nbd2 Nd5 11.Qf2 Bf6 12.Bxf6 Qxf6 13.c4 Nc3 14.Ne4 Nxe2+ 15.Qxe2 Qd8 16.Ng3 d5
17.Rad1 Qc7 18.Qb2 Rad8 19.Ne5 Nxe5 20.fxe5 d4 21.exd4 Rxd4 22.Qe2 Rfd8 23.Rd2 Qe7
24.Qe3 Qd7 25.Nh5 Rg4 26.Rf4 Rxf4 27.Nxf4 h6 28.h3 Qe7 29.d4 cxd4 30.Rxd4 Rxd4
31.Qxd4 Qh4 32.Qe3 Qg5 33.a4 Qf5 34.Kh2 Be4 35.a5 Qxe5 36.Kg1 Qa1+ 37.Kh2 Qe5
38.Kg1 f5 39.axb6 axb6 40.Ne2 Qa1+ 41.Kf2 Qa5 42.Nc3 Kf7 43.Nxe4 fxe4 44.Qf4+ Ke7
45.Qc7+ Kf6 46.Qf4+ Ke7 47.Qc7+ Kf6  1/2-1/2

[Event "Ano Liosia op"]
[Site "Ano Liosia"]
[Date "1993.??.??"]
[Round "8"]
[White "Shahtahtinsky, Alekper"]
[Black "Ibragimov, Ildar"]
[Result "1/2-1/2"]
[WhiteElo "2380"]
[BlackElo "2550"]

1.c4 e5 2.Nc3 Bb4 3.g3 Nf6 4.Bg2 O-O 5.Nf3 Bxc3 6.bxc3 Re8 7.O-O d6 8.d3 Nbd7
9.e4 c6 10.Nh4 Qa5 11.Qc2 d5 12.cxd5 cxd5 13.exd5 Nxd5 14.c4 Ne7 15.Bb2 Nc6
16.Rfe1 Nf6 17.Bc3 Qc7 18.Rab1 Bg4 19.h3 Bh5 20.Qa4 Rac8 21.Qb5 b6 22.g4 Bg6
23.Nxg6 hxg6 24.Bxc6 Qxc6 25.Qxc6 Rxc6 26.Bxe5 Rd8 27.Bxf6 Rxf6 28.Re3 Rfd6
29.Rb3 f5 30.g5 f4 31.Rf3 Rd4 32.Kf1 Kf7 33.Ke2 Ke6 34.Rb5 Rc8 35.a4 Rc5
36.h4 Kf5 37.Rh3 Kg4 38.Rh1 Rd8 39.f3+ Kh5 40.Rg1 Re8+ 41.Kf2 a5 42.Rxb6 Rce5
43.Rb2 Re3 44.Rd2 Rd8 45.Rc1 Kxh4 46.c5 Rdxd3 47.Rxd3 Rxd3 48.c6 Rd2+ 49.Ke1 Rd8
50.c7 Rc8 51.Rc5 Kg3 52.Ke2 Kg2 53.Rc3 Kg3 54.Kd2 Kf2 55.Kc2 Ke2 56.Kb3 Kd2
57.Rc6 Kd3 58.Rd6+ Ke3 59.Rd7 Kxf3 60.Kc4 Kg4 61.Rf7 Kxg5 62.Kb5 Ra8 63.Kb6 Kg4
64.Kb7 Re8 65.c8=Q+ Rxc8 66.Kxc8 g5 67.Kc7 Kf3 68.Rxg7 g4 69.Kd6 g3 70.Ke5 g2
71.Kf5 Kf2 72.Kxf4 g1=Q 73.Rxg1 Kxg1 74.Ke3 Kg2 75.Kd4 Kf3 76.Kc5 Ke4 77.Kb5 Kd5
78.Kxa5 Kc5  1/2-1/2

[Event "Athens op"]
[Site "Athens"]
[Date "1993.??.??"]
[Round "2"]
[White "Ibragimov, Ildar"]
[Black "Papastavropoulos, Andreas"]
[Result "1-0"]
[WhiteElo "2550"]
[BlackElo "2195"]

1.d4 Nf6 2.c4 g6 3.Nc3 Bg7 4.e4 d6 5.f3 O-O 6.Be3 e5 7.d5 Nh5 8.Qd2 Qh4+
9.g3 Nxg3 10.Qf2 Nxf1 11.Qxh4 Nxe3 12.Ke2 Nxc4 13.Rc1 Bd7 14.Nh3 Na6 15.Nd1 Nb6
16.Ne3 Rae8 17.Rhg1 f6 18.Nf2 Rf7 19.Nfg4 c6 20.dxc6 bxc6 21.Nh6+ Bxh6 22.Qxh6 Nc8
23.Nf5 Bxf5 24.exf5 Ne7 25.fxg6 hxg6 26.Rxg6+ Nxg6 27.Qxg6+ Kf8 28.Rxc6 Nc5
29.Rxd6 Ne6 30.Kf2 Nf4 31.Qf5 Kg7 32.Rd7 Ree7 33.Rxe7 Rxe7 34.h4 Re6 35.Qc2 a6
36.b4 Kh6 37.Qc8 Rb6 38.a3 a5 39.Qd8  1-0

[Event "Athens op"]
[Site "Athens"]
[Date "1993.??.??"]
[Round "3"]
[White "Tsorbatzoglou, Theodoros"]
[Black "Ibragimov, Ildar"]
[Result "0-1"]
[WhiteElo "2290"]
[BlackElo "2550"]

1.d4 Nf6 2.Nf3 d5 3.c4 dxc4 4.e3 e6 5.Bxc4 c5 6.O-O a6 7.a4 Nc6 8.Qe2 Qc7
9.Rd1 Be7 10.Nc3 O-O 11.dxc5 Bxc5 12.Bd2 b6 13.Rac1 Bb7 14.Na2 a5 15.Bb5 Ne5
16.Bc3 Nxf3+ 17.gxf3 Qe7 18.Be5 Nd5 19.Kh1 f6 20.Bd4 Rac8 21.Bxc5 Rxc5 22.Rxc5 Qxc5
23.Rc1 Qd6 24.Rc4 Rd8 25.Nc3 Qe5 26.Bc6 Ba6 27.Nb5 Nb4 28.Re4 Qf5 29.Rc4 Qh5
30.Be4 f5 31.Bb1 Nd5 32.e4 Nf4  0-1

[Event "Athens op"]
[Site "Athens"]
[Date "1993.??.??"]
[Round "5"]
[White "Ghinda, Mihail Viorel"]
[Black "Ibragimov, Ildar"]
[Result "1-0"]
[WhiteElo "2455"]
[BlackElo "2550"]

1.e4 e5 2.Nf3 Nc6 3.Bb5 a6 4.Ba4 Nf6 5.O-O Be7 6.Re1 b5 7.Bb3 d6 8.c3 O-O
9.a4 Na5 10.Bc2 b4 11.d4 exd4 12.cxd4 c5 13.Nbd2 Bg4 14.h3 Bh5 15.b3 cxd4
16.g4 Bg6 17.Nxd4 d5 18.e5 Ne4 19.Nxe4 dxe4 20.Nf5 Bxf5 21.gxf5 Qxd1 22.Bxd1 Rfd8
23.Rb1 Rac8 24.Bf4 Rc3 25.Rxe4 Rcd3 26.Re1 Rxh3 27.Bg3 Rh6 28.Bf3 Rd3 29.Re3 Rxe3
30.fxe3 Rb6 31.Bd5 Kf8 32.Rc1 Rb8 33.f6  1-0

[Event "Athens op"]
[Site "Athens"]
[Date "1993.??.??"]
[Round "7"]
[White "Mastrokoukos, Georgios"]
[Black "Ibragimov, Ildar"]
[Result "0-1"]
[WhiteElo "2325"]
[BlackElo "2550"]

1.d4 Nf6 2.c4 g6 3.Nf3 Bg7 4.g3 O-O 5.Bg2 d6 6.O-O Nbd7 7.Qc2 e5 8.dxe5 dxe5
9.Rd1 Re8 10.e4 c6 11.h3 Qc7 12.c5 b6 13.cxb6 axb6 14.Be3 Bf8 15.Nc3 Nc5
16.b4 Ne6 17.a3 Bb7 18.Ng5 Nd4 19.Bxd4 exd4 20.Rxd4 c5 21.bxc5 Bxc5 22.Nb5 Qe7
23.Rdd1 Nh5 24.h4 h6 25.Nh3 Nxg3 26.Nf4 Qxh4 27.Nxg6 Qg4 28.Nc7 Bxe4 29.Nxe8 Ne2+  0-1

[Event "Bern op"]
[Site "Bern"]
[Date "1993.??.??"]
[Round "4"]
[White "Georges, Sacha"]
[Black "Ibragimov, Ildar"]
[Result "0-1"]
[WhiteElo "2310"]
[BlackElo "2540"]

1.d4 Nf6 2.Nf3 d6 3.Bg5 Nbd7 4.c4 h6 5.Bh4 g6 6.Nc3 Bg7 7.e3 O-O 8.Be2 c6
9.O-O Qc7 10.Qc2 e5 11.Rad1 Re8 12.Rfe1 Nf8 13.dxe5 dxe5 14.Nd2 Bf5 15.Bd3 Be6
16.b3 N6d7 17.b4 a5 18.a3 f5 19.f3 axb4 20.axb4 Nb6 21.e4 Qf7 22.Ne2 f4 23.Ra1 Rab8
24.c5 Nc8 25.Bc4 g5 26.Bf2 h5 27.Red1 g4 28.Kh1 Kh8 29.Ra3 Qg6 30.Bxe6 Nxe6
31.Nc4 Rg8 32.Qc1 Bf6 33.Rg1 h4 34.h3 gxf3 35.gxf3 Qh7 36.Rxg8+ Qxg8 37.Qg1 Ng5
38.Nd6 Nxd6 39.cxd6 Nxh3 40.Qxg8+ Kxg8 41.Bb6 Bd8 42.Bc7 Bxc7 43.dxc7 Rc8
44.Kg2 Ng5 45.Ra5 h3+ 46.Kh2 Rxc7 47.Nd4 c5  0-1

[Event "Bern op"]
[Site "Bern"]
[Date "1993.??.??"]
[Round "5"]
[White "Ibragimov, Ildar"]
[Black "Roeder, Mathias"]
[Result "1-0"]
[WhiteElo "2540"]
[BlackElo "2405"]

1.d4 Nf6 2.c4 e6 3.Nc3 Bb4 4.e3 O-O 5.Bd3 c5 6.Nf3 d5 7.O-O Nc6 8.a3 Bxc3
9.bxc3 Qc7 10.h3 b6 11.cxd5 exd5 12.dxc5 bxc5 13.c4 dxc4 14.Bxc4 Na5 15.Ba2 Ba6
16.Re1 Bc4 17.Bxc4 Nxc4 18.Qc2 Ne5 19.Nxe5 Qxe5 20.Bb2 Qg5 21.Bxf6 gxf6 22.Rac1 Rac8
23.Red1 Kh8 24.Qc4 Rg8 25.g3 Qe5 26.Rd5 Rxg3+ 27.Kf1 Qe6 28.fxg3 Qxh3+ 29.Kf2 Qh2+
30.Kf3 Rg8 31.Qh4  1-0